000
00261nam a2200097Ia 4500
008
240331s9999 xx 000 0 und d
082
_b
WOM
100
_a
Mahadevan, K.. ed
245
0
_a
Women and population dynamics :
_b
perspectives from Asian countries
942
_c
L
999
_c
1941
_d
1941